| 000 | 01807cam a22003494a 4500 | ||
|---|---|---|---|
| 005 | 20260415060944.0 | ||
| 008 | data | ||
| 010 | _a 2007011148 | ||
| 020 | _a9780470049334 (cloth) | ||
| 020 | _a0470049332 (cloth) | ||
| 020 | _a0470049332 | ||
| 040 |
_aDLC _cDLC _dYDXCP _dBTCTA _dC#P _dYDXCP |
||
| 041 | 0 | 9 | _aeng |
| 042 | _anlmcopyc | ||
| 049 | _aNLMM | ||
| 050 | 0 | 0 |
_aRC569.5.V55 _bC665 2007 |
| 060 | 1 | 0 |
_aW 860 _bC754f 2007 |
| 082 | 0 | 0 |
_a616.85/82 _222 |
| 100 | 1 |
_aConroy, Mary Alice, _d1945- |
|
| 245 | 1 | 0 |
_aForensic assessment of violence risk : _ba guide for risk assessment and risk management / _cMary Alice Conroy & Daniel C. Murrie. |
| 260 |
_aHoboken, N.J. : _bJohn Wiley & Sons, _cc2007. |
||
| 300 |
_axi, 370 p. ; _c25 cm. |
||
| 504 | _aIncludes bibliographical references (p. 309-352) and index. | ||
| 505 | 0 | _aHistorical overview of risk assessment -- Introducing a broad model for risk assessment -- Risk of what? Defining the referral question -- What do we know overall? Consider normative data and population base rates -- What do we know about individuals like this one? Empirically supported risk and protective factors -- What do we know about this individual? Idiographic factors and the need for individualized assessment -- What can we say about the results of a risk assessment? Risk communication -- From risk assessment to risk management -- Risk assessment of patients with serious mental illness -- Risk assessment with sexual offenders -- Risk assessment with juvenile offenders -- Risk assessment of death penalty defendants. | |
| 650 | 1 | 2 |
_aViolence _xpsychology |
| 650 | 2 | 2 |
_aRisk Assessment _xmethods |
| 650 | 2 | 2 |
_aRisk Management _xmethods |
| 650 | 2 | 2 |
_aForensic Psychiatry _xmethods |
| 700 | 1 |
_aMurrie, Daniel C., _d1974- |
|
| 994 |
_aCDN _b20071128 |
||
| 001 | data | ||
| 999 |
_c15 _d15 |
||